<?xml version="1.0" encoding="UTF-8"?>
<collection xmlns:xsi="http://www.w3.org/2001/XMLSchema-instance" xsi:schemaLocation="http://www.loc.gov/MARC21/slim http://www.loc.gov/standards/marcxml/schema/MARC21slim.xsd" xmlns="http://www.loc.gov/MARC21/slim">
 <record>
  <leader>00000cam a22000004a 4500</leader>
  <controlfield tag="001">UP-1685675941123879103</controlfield>
  <controlfield tag="003">Buklod</controlfield>
  <controlfield tag="005">20250328170022.0</controlfield>
  <controlfield tag="006">aa    rb   |||1 u|</controlfield>
  <controlfield tag="007">ta</controlfield>
  <controlfield tag="008">250328r20102006njua    rb   |001 0|eng d</controlfield>
  <datafield tag="020" ind1=" " ind2=" ">
   <subfield code="a">9780136093688</subfield>
  </datafield>
  <datafield tag="035" ind1=" " ind2=" ">
   <subfield code="a">(iLib)UPTAC-00011736050</subfield>
  </datafield>
  <datafield tag="037" ind1=" " ind2=" ">
   <subfield code="a">TAC-19398</subfield>
   <subfield code="b">CD Books</subfield>
   <subfield code="c">PhP11097</subfield>
  </datafield>
  <datafield tag="040" ind1=" " ind2=" ">
   <subfield code="a">DBUS</subfield>
   <subfield code="d">UPVTC</subfield>
   <subfield code="e">aacr</subfield>
  </datafield>
  <datafield tag="041" ind1=" " ind2=" ">
   <subfield code="a">eng</subfield>
  </datafield>
  <datafield tag="042" ind1=" " ind2=" ">
   <subfield code="a">DMLUC</subfield>
  </datafield>
  <datafield tag="090" ind1=" " ind2=" ">
   <subfield code="a">T 58.6</subfield>
   <subfield code="b">L37 2010</subfield>
  </datafield>
  <datafield tag="100" ind1="1" ind2=" ">
   <subfield code="a">Laudon, Kenneth C.</subfield>
   <subfield code="d">1944-</subfield>
  </datafield>
  <datafield tag="245" ind1="1" ind2="0">
   <subfield code="a">Management information systems</subfield>
   <subfield code="b">managing the digital firm</subfield>
   <subfield code="c">Kenneth C. Laudon, Jane P. Laudon.</subfield>
  </datafield>
  <datafield tag="250" ind1=" " ind2=" ">
   <subfield code="a">11th ed., global ed.</subfield>
  </datafield>
  <datafield tag="264" ind1=" " ind2="1">
   <subfield code="a">Upper Saddle River, N.J.</subfield>
   <subfield code="b">Pearson/Prentice Hall</subfield>
   <subfield code="c">c2010.</subfield>
  </datafield>
  <datafield tag="300" ind1=" " ind2=" ">
   <subfield code="a">653 p.</subfield>
   <subfield code="b">col. ill</subfield>
   <subfield code="c">28 cm.</subfield>
  </datafield>
  <datafield tag="504" ind1=" " ind2=" ">
   <subfield code="a">Includes bibliographical references and index.</subfield>
  </datafield>
  <datafield tag="505" ind1="0" ind2=" ">
   <subfield code="a">Table of Contents: Part One. Organizations, Management, and the Networked Enterprise: Chapter 1. Information Systems in Global Business Today -- Chapter 2. Global E-Business: How Businesses Use Information Systems -- Chapter 3. Information Systems, Organizations, and Strategy -- Chapter 4. Ethical and Social Issues in Information Systems -- Part Two. Information Technology Infrastructure: Chapter 5. IT Infrastructure and Emerging Technologies -- Chapter 6. Foundations of Business Intelligence: Databases and Information Management -- Chapter 7. Telecommunications, the Internet, and Wireless Technology -- Chapter 8. Securing Information Systems -- Part Three. Key System Applications for the Digital Age: Chapter 9. Achieving Operational Excellence and Customer Intimacy: Enterprise Applications -- Chapter 10. E-Commerce: Digital Markets, Digital Goods -- Chapter 11. Managing Knowledge and Collaborations -- Chapter 12. Enhancing Decision Making -- Part Four. Building and Managing Systems: Chapter 13. Building Information Systems -- Chapter 14. Managing Projects -- Chapter 15. Managing Global Systems. -- References. Glossary. Photo and Screen Shot Credits. Indexes.</subfield>
  </datafield>
  <datafield tag="650" ind1=" " ind2="0">
   <subfield code="a">Management information systems.</subfield>
  </datafield>
  <datafield tag="700" ind1="1" ind2=" ">
   <subfield code="a">Laudon, Jane Price.</subfield>
  </datafield>
  <datafield tag="856" ind1="4" ind2="1">
   <subfield code="y">Table of contents only</subfield>
   <subfield code="u">https://drive.google.com/file/d/1RzTSRxC-BIpIxYLLanxT8gJ6G8REtJII/view?usp=sharing</subfield>
  </datafield>
  <datafield tag="905" ind1=" " ind2=" ">
   <subfield code="a">FO</subfield>
  </datafield>
  <datafield tag="852" ind1="0" ind2=" ">
   <subfield code="a">UPTAC</subfield>
   <subfield code="b">UPTAC</subfield>
   <subfield code="h">T 58.6 L37 2010</subfield>
  </datafield>
  <datafield tag="942" ind1=" " ind2=" ">
   <subfield code="a">Book</subfield>
  </datafield>
 </record>
</collection>
